| 000 | 00515nam a2200193Ia 4500 | ||
|---|---|---|---|
| 003 | GCL | ||
| 008 | 140319s9999 xx 000 0 eng d | ||
| 040 |
_aGCL / _cGCL |
||
| 082 | 0 | 4 |
_aREF _b952.03 _bK E |
| 100 | 1 | _aKORNICKI, PETER | |
| 245 | 1 | 0 |
_aTHE CAMBRIDGE ENCYCLOPEDIA OF JAPAN / _cKORNICKI, PETER |
| 700 | 1 | _aBOWRING, RICHARD | |
| 260 |
_a[S.N] : _bCAMBRIDGE UNIVERSITY PRESS ، _c1993 |
||
| 300 | _a400 P | ||
| 650 | 0 | 4 | _aJAPAN - HISTORY |
| 650 | 0 | 4 | _aJAPAN |
| 650 | 0 | 4 | _aENCYCLOPEDIES |
| 942 |
_2ddc _cBK |
||
| 999 |
_c11132 _d11132 |
||